Normal view
MARC view
- Discrete -Event System Simulation
Entry Topical Term
001 - CONTROL NUMBER
- control field: 1572
003 - CONTROL NUMBER IDENTIFIER
- control field: NUST
005 - DATE AND TIME OF LATEST TRANSACTION
- control field: 20170530115640.0
008 - FIXED-LENGTH DATA ELEMENTS
- fixed length control field: 170530|| aca||aabn | a|a d
040 ## - CATALOGING SOURCE
- Original cataloging agency: NUST
- Transcribing agency: NUST
150 ## - HEADING--TOPICAL TERM
- Topical term or geographic name entry element: Discrete -Event System Simulation
670 ## - SOURCE DATA FOUND
- Source citation: Work cat.: (NUST)232906: Bank Jerry 1571, Discrete -Event System Simulation, c2001
